000 00658nam a2200301Ia 4500
005 20260401122153.0
008 008 250103s9999 xx 000 0 eng d
020 _a8172018037
037 _aTB
040 _aEDL
040 _beng
040 _cEDL
041 _2eng
041 _aeng
084 _a891.21 UNN
084 _qEDL
100 _aUnni, N.Parameswaran
_91232797
245 0 _aNilakantha Diksita
245 0 _cUnni, N.Parameswaran
260 _aNew Delhi
260 _bSahitya Akademi
260 _c1995
300 _a76p
942 _cTB
942 _h891.21 UNN
999 _c1845396
_d1845396